Digby 174.

Description: Membranaceus. In folio, 4º., et 8 vo. Saec. xii, xiii, xiv. following250. 'Liber Johannis de Lond[oniis] de librario Sancti August. Cant.' ('dist. xi. g. I'), qui paucula ex artt. 1­14 breviter, in tabula contentorum praemissa, recenset. Inter c...

Full description

Bibliographic Details
Corporate Author: Adam Matthew Digital (Firm) (digitiser.)
Format: eBook
Language:English
Published: Marlborough, Wiltshire : Adam Matthew Digital, 2019.
Series:AM Scholar: Medieval and Early Modern Studies.
Subjects:
Online Access:Connect to the full text of this electronic book

MARC

Tag First Indicator Second Indicator Subfields
LEADER 00000cam a2200000Mi 4500
001 in00005487205
006 m o u
007 cr |n|---uuuuu
008 190530s2019 enk o ||| 0 eng d
005 20240917182153.0
035 |a (OCoLC)on1149200483 
040 |a UKAMD  |b eng  |c UKAMD  |d OCLCO 
035 |a (OCoLC)1149200483 
049 |a TXAM 
245 0 0 |a Digby 174. 
264 1 |a Marlborough, Wiltshire :  |b Adam Matthew Digital,  |c 2019. 
300 |a 1 online resource. 
336 |a text  |b txt  |2 rdacontent 
337 |a computer  |b c  |2 rdamedia 
338 |a online resource  |b cr  |2 rdacarrier 
490 1 |a AM Scholar: Medieval and Early Modern Studies. 
500 |a Date span of material: date of publication not identified. 
520 8 |a Description: Membranaceus. In folio, 4º., et 8 vo. Saec. xii, xiii, xiv. following250. 'Liber Johannis de Lond[oniis] de librario Sancti August. Cant.' ('dist. xi. g. I'), qui paucula ex artt. 1­14 breviter, in tabula contentorum praemissa, recenset. Inter codd. Tho. allen, '147,'. 
534 |p Reproduction of:  |t Digby 174  |c Date unknown. 
535 1 |a Bodleian Library, University of Oxford 
542 |f Bodleian Library, University of Oxford 
588 0 |a Description based on online resource (viewed on May 30, 2019). 
655 7 |a Electronic books.  |2 local 
710 2 |a Adam Matthew Digital (Firm),  |e digitiser. 
830 0 |a AM Scholar: Medieval and Early Modern Studies. 
856 4 0 |u http://proxy.library.tamu.edu/login?url=https://www.amscholar.amdigital.co.uk/Documents/Details/RM_PART2_REEL15_VOL2  |z Connect to the full text of this electronic book  |t 0 
955 |a Adam Matthew Scholar Medieval and Early Modern Studies 
994 |a 92  |b TXA 
999 f f |s c38b5faa-237c-4ea7-9fe3-6cddf56ff1b3  |i a9ca8117-813a-47fb-8124-7aa47b118fa9  |t 0 
952 f f |a Texas A&M University  |b College Station  |c Electronic Resources  |d Available Online  |t 0  |h Library of Congress classification 
998 f f |t 0  |l Available Online